00674nam a2200205Ia 4500001002000000003000900020008004100029040002300070041001300093100002800106240003000134245003800164250001500202260003600217300003100253490000900284501012400293520003300417700001800450220.3-ENC bi (1839)IT-MiSPE171229s9999||||xx |||||||||||||| ||und|| aIT-MiSPEcIT-MiSPE aITALIANO aAlejandro Dìez Macho  aEnciclopedia de la Biblia 0aEnciclopedia della BibbiabV. N-R a1a ed. (v) aLeumann (TO)bLDCc(impr.) 1971 aXXV, 1342 p. [6 v.]c26 cm v 5° aEdizioni San Paolo srl - Piazza Soncino, 5 - 20092 CINISELLO BALSAMO (MI) (non commercial uses only) ® Copyright 2018 aArmando Rolla (ed. it). Ill. aArmando Rolla